[Event "ODJM B 2023"]
[Site "Willingen GER"]
[Date "2023.05.28"]
[Round "2"]
[White "Mainka, Ingmar"]
[Black "Golke, Philipp"]
[Result "1-0"]
[Termination "normal"]
[Board "21"]
[WhiteElo "1546"]
[BlackElo "1374"]
[WhiteClock "01:24:16"]
[BlackClock "00:55:09"]
[PlyCount "55"]
[WhiteFideId "16254937"]
[BlackFideId "34625259"]
[EventCountry "GER"]
[EventRounds "9"]
[EventType "swiss"]
[EventDate "2023.05.27"]

1. e4 {[%clk 01:30:58]} {[%emt 00:00:01]} e5 {[%clk 01:30:53]} {[%emt
00:00:08]} 2. Nf3 {[%clk 01:31:24]} {[%emt 00:00:04]} Nc6 {[%clk 01:31:17]}
{[%emt 00:00:05]} 3. Bc4 {[%clk 01:31:52]} {[%emt 00:00:03]} Bc5 {[%clk
01:31:40]} {[%emt 00:00:08]} 4. c3 {[%clk 01:32:17]} {[%emt 00:00:05]} Nf6
{[%clk 01:29:17]} {[%emt 00:02:52]} 5. d3 {[%clk 01:32:41]} {[%emt 00:00:06]}
d6 {[%clk 01:29:08]} {[%emt 00:00:39]} 6. Bb3 {[%clk 01:33:06]} {[%emt
00:00:05]} Be6 {[%clk 01:28:11]} {[%emt 00:01:27]} 7. Bc2 {[%clk 01:33:30]}
{[%emt 00:00:05]} h6 {[%clk 01:26:57]} {[%emt 00:01:45]} 8. h3 {[%clk
01:33:53]} {[%emt 00:00:07]} Qd7 {[%clk 01:25:03]} {[%emt 00:02:25]} 9. Nbd2
{[%clk 01:34:04]} {[%emt 00:00:18]} a6 {[%clk 01:24:02]} {[%emt 00:01:31]} 10.
Nf1 {[%clk 01:33:08]} {[%emt 00:01:25]} Ba7 {[%clk 01:23:37]} {[%emt 00:00:57]}
11. Ng3 {[%clk 01:33:26]} {[%emt 00:00:11]} Qe7 {[%clk 01:22:43]} {[%emt
00:01:23]} 12. Qe2 {[%clk 01:32:35]} {[%emt 00:01:21]} O-O-O {[%clk 01:21:41]}
{[%emt 00:01:33]} 13. b4 {[%clk 01:32:01]} {[%emt 00:01:04]} h5 {[%clk
01:20:44]} {[%emt 00:01:27]} 14. a4 {[%clk 01:30:43]} {[%emt 00:01:48]} Nb8
{[%clk 01:17:08]} {[%emt 00:04:06]} 15. b5 {[%clk 01:27:34]} {[%emt 00:03:39]}
a5 {[%clk 01:14:24]} {[%emt 00:03:14]} 16. c4 {[%clk 01:27:37]} {[%emt
00:00:27]} h4 {[%clk 01:13:14]} {[%emt 00:01:40]} 17. Nf1 {[%clk 01:27:53]}
{[%emt 00:00:13]} Rh5 {[%clk 01:05:50]} {[%emt 00:07:54]} 18. Bd2 {[%clk
01:27:46]} {[%emt 00:00:37]} Bb6 {[%clk 01:05:34]} {[%emt 00:00:46]} 19. Bc3
{[%clk 01:27:37]} {[%emt 00:00:39]} c6 {[%clk 01:03:34]} {[%emt 00:02:31]} 20.
Qd2 {[%clk 01:27:42]} {[%emt 00:00:25]} Qc7 {[%clk 01:03:17]} {[%emt 00:00:48]}
21. Rb1 {[%clk 01:24:12]} {[%emt 00:03:59]} c5 {[%clk 01:02:15]} {[%emt
00:01:31]} 22. Bd1 {[%clk 01:23:13]} {[%emt 00:01:29]} Rhh8 {[%clk 01:00:10]}
{[%emt 00:02:35]} 23. Qg5 {[%clk 01:23:01]} {[%emt 00:00:42]} Rdg8 {[%clk
00:58:31]} {[%emt 00:02:09]} 24. Nxh4 {[%clk 01:22:48]} {[%emt 00:00:43]} Bxc4
{[%clk 00:57:28]} {[%emt 00:01:34]} 25. dxc4 {[%clk 01:23:09]} {[%emt
00:00:09]} Nxe4 {[%clk 00:57:53]} {[%emt 00:00:04]} 26. Qg4+ {[%clk 01:23:33]}
{[%emt 00:00:06]} Qd7 {[%clk 00:55:22]} {[%emt 00:03:02]} 27. Qxe4 {[%clk
01:23:53]} {[%emt 00:00:10]} g5 {[%clk 00:55:09]} {[%emt 00:00:43]} 28. Bg4
{[%clk 01:24:16]} {[%emt 00:00:06]} 1-0

[Event "ODJM B 2023"]
[Site "Willingen GER"]
[Date "2023.05.28"]
[Round "2"]
[White "Sperling, Max"]
[Black "John, Niklas"]
[Result "0-1"]
[Termination "normal"]
[Board "22"]
[WhiteElo "1527"]
[BlackElo "1652"]
[WhiteClock "00:43:27"]
[BlackClock "00:59:02"]
[PlyCount "30"]
[WhiteFideId "34660372"]
[BlackFideId "16234626"]
[EventCountry "GER"]
[EventRounds "9"]
[EventType "swiss"]
[EventDate "2023.05.27"]

1. d4 {[%clk 01:30:53]} {[%emt 00:00:06]} Nf6 {[%clk 01:30:51]} {[%emt
00:00:09]} 2. c4 {[%clk 01:31:19]} {[%emt 00:00:05]} g6 {[%clk 01:31:00]}
{[%emt 00:00:20]} 3. Nc3 {[%clk 01:31:44]} {[%emt 00:00:06]} d5 {[%clk
01:31:13]} {[%emt 00:00:17]} 4. cxd5 {[%clk 01:31:06]} {[%emt 00:01:08]} Nxd5
{[%clk 01:31:31]} {[%emt 00:00:11]} 5. Bd2 {[%clk 01:31:09]} {[%emt 00:00:28]}
Bg7 {[%clk 01:29:26]} {[%emt 00:02:34]} 6. e3 {[%clk 01:31:28]} {[%emt
00:00:12]} O-O {[%clk 01:29:22]} {[%emt 00:00:33]} 7. Rc1 {[%clk 01:30:37]}
{[%emt 00:01:21]} b6 {[%clk 01:27:51]} {[%emt 00:02:01]} 8. Nxd5 {[%clk
01:20:26]} {[%emt 00:10:41]} Qxd5 {[%clk 01:28:12]} {[%emt 00:00:09]} 9. Rxc7
{[%clk 01:12:25]} {[%emt 00:08:32]} e5 {[%clk 01:22:01]} {[%emt 00:06:41]} 10.
Bb4 {[%clk 01:04:02]} {[%emt 00:08:53]} Re8 {[%clk 01:18:29]} {[%emt 00:04:00]}
11. Bc4 {[%clk 00:59:31]} {[%emt 00:05:02]} Qxg2 {[%clk 01:12:24]} {[%emt
00:06:36]} 12. Rxf7 {[%clk 00:44:54]} {[%emt 00:15:07]} Be6 {[%clk 01:05:40]}
{[%emt 00:07:13]} 13. Qa4 {[%clk 00:44:58]} {[%emt 00:00:27]} Kxf7 {[%clk
01:01:36]} {[%emt 00:04:33]} 14. Bxe6+ {[%clk 00:43:30]} {[%emt 00:01:59]} Rxe6
{[%clk 01:01:38]} {[%emt 00:00:28]} 15. d5 {[%clk 00:43:27]} {[%emt 00:00:33]}
Qxd5 {[%clk 00:59:02]} {[%emt 00:03:05]} 0-1

[Event "ODJM B 2023"]
[Site "Willingen GER"]
[Date "2023.05.28"]
[Round "2"]
[White "Holzwarth, Felix"]
[Black "Hartwig, Eric-Jordan"]
[Result "0-1"]
[Termination "normal"]
[Board "23"]
[WhiteElo "1591"]
[BlackElo "1534"]
[WhiteClock "00:56:59"]
[BlackClock "00:51:25"]
[PlyCount "74"]
[WhiteFideId "34621377"]
[BlackFideId "16298454"]
[EventCountry "GER"]
[EventRounds "9"]
[EventType "swiss"]
[EventDate "2023.05.27"]

1. e4 {[%clk 01:30:57]} {[%emt 00:00:02]} c5 {[%clk 01:30:56]} {[%emt
00:00:05]} 2. Nf3 {[%clk 01:31:23]} {[%emt 00:00:03]} e6 {[%clk 01:31:17]}
{[%emt 00:00:10]} 3. d3 {[%clk 01:31:48]} {[%emt 00:00:04]} Nc6 {[%clk
01:31:41]} {[%emt 00:00:07]} 4. Nbd2 {[%clk 01:32:13]} {[%emt 00:00:05]} d6
{[%clk 01:29:48]} {[%emt 00:02:22]} 5. g3 {[%clk 01:32:38]} {[%emt 00:00:05]}
Nge7 {[%clk 01:30:13]} {[%emt 00:00:06]} 6. Bg2 {[%clk 01:32:55]} {[%emt
00:00:13]} g6 {[%clk 01:30:23]} {[%emt 00:00:20]} 7. O-O {[%clk 01:33:20]}
{[%emt 00:00:05]} Bg7 {[%clk 01:30:51]} {[%emt 00:00:02]} 8. c3 {[%clk
01:33:37]} {[%emt 00:00:13]} O-O {[%clk 01:31:07]} {[%emt 00:00:13]} 9. Re1
{[%clk 01:34:00]} {[%emt 00:00:07]} b5 {[%clk 01:31:20]} {[%emt 00:00:18]} 10.
h4 {[%clk 01:31:50]} {[%emt 00:02:39]} b4 {[%clk 01:30:39]} {[%emt 00:01:13]}
11. cxb4 {[%clk 01:27:28]} {[%emt 00:04:51]} Nxb4 {[%clk 01:30:56]} {[%emt
00:00:13]} 12. Nc4 {[%clk 01:27:12]} {[%emt 00:00:45]} d5 {[%clk 01:29:15]}
{[%emt 00:02:11]} 13. Ne3 {[%clk 01:26:45]} {[%emt 00:00:57]} Ba6 {[%clk
01:29:21]} {[%emt 00:00:25]} 14. Bf1 {[%clk 01:26:34]} {[%emt 00:00:41]} dxe4
{[%clk 01:20:45]} {[%emt 00:09:06]} 15. dxe4 {[%clk 01:26:53]} {[%emt
00:00:10]} Bxf1 {[%clk 01:20:06]} {[%emt 00:01:09]} 16. Kxf1 {[%clk 01:26:46]}
{[%emt 00:00:37]} Qd3+ {[%clk 01:18:53]} {[%emt 00:01:44]} 17. Qxd3 {[%clk
01:26:49]} {[%emt 00:00:27]} Nxd3 {[%clk 01:19:17]} {[%emt 00:00:06]} 18. Re2
{[%clk 01:27:10]} {[%emt 00:00:08]} Rab8 {[%clk 01:19:25]} {[%emt 00:00:22]}
19. Nc4 {[%clk 01:27:00]} {[%emt 00:00:41]} Rb4 {[%clk 01:19:15]} {[%emt
00:00:40]} 20. Rc2 {[%clk 01:26:40]} {[%emt 00:00:49]} Rfb8 {[%clk 01:12:08]}
{[%emt 00:07:37]} 21. Bg5 {[%clk 01:23:41]} {[%emt 00:03:29]} Nc6 {[%clk
01:08:06]} {[%emt 00:04:32]} 22. a3 {[%clk 01:16:59]} {[%emt 00:07:12]} Rb3
{[%clk 00:57:31]} {[%emt 00:11:04]} 23. Rb1 {[%clk 00:54:18]} {[%emt 00:23:12]}
Nxb2 {[%clk 00:54:17]} {[%emt 00:03:45]} 24. Nfd2 {[%clk 00:53:24]} {[%emt
00:01:23]} Nxc4 {[%clk 00:52:53]} {[%emt 00:01:54]} 25. Rxb3 {[%clk 00:53:23]}
{[%emt 00:00:31]} Nxd2+ {[%clk 00:53:14]} {[%emt 00:00:10]} 26. Rxd2 {[%clk
00:53:25]} {[%emt 00:00:28]} Rxb3 {[%clk 00:53:38]} {[%emt 00:00:06]} 27. Rd6
{[%clk 00:53:52]} {[%emt 00:00:03]} Rb6 {[%clk 00:53:35]} {[%emt 00:00:33]} 28.
a4 {[%clk 00:53:48]} {[%emt 00:00:34]} h6 {[%clk 00:53:36]} {[%emt 00:00:28]}
29. Be3 {[%clk 00:54:00]} {[%emt 00:00:17]} Bf8 {[%clk 00:52:27]} {[%emt
00:01:40]} 30. Rd7 {[%clk 00:54:17]} {[%emt 00:00:14]} Ra6 {[%clk 00:50:07]}
{[%emt 00:02:50]} 31. Rc7 {[%clk 00:54:37]} {[%emt 00:00:10]} Nd4 {[%clk
00:50:20]} {[%emt 00:00:17]} 32. Rc8 {[%clk 00:54:51]} {[%emt 00:00:15]} Kg7
{[%clk 00:50:19]} {[%emt 00:00:31]} 33. Bxh6+ {[%clk 00:55:12]} {[%emt
00:00:09]} Kxh6 {[%clk 00:50:39]} {[%emt 00:00:10]} 34. Rxf8 {[%clk 00:55:39]}
{[%emt 00:00:03]} Kg7 {[%clk 00:51:01]} {[%emt 00:00:09]} 35. Rc8 {[%clk
00:56:07]} {[%emt 00:00:02]} Rxa4 {[%clk 00:51:13]} {[%emt 00:00:18]} 36. Rxc5
{[%clk 00:56:35]} {[%emt 00:00:02]} a5 {[%clk 00:51:23]} {[%emt 00:00:20]} 37.
Ke1 {[%clk 00:56:59]} {[%emt 00:00:05]} Ra1+ {[%clk 00:51:25]} {[%emt
00:00:28]} 0-1

[Event "ODJM B 2023"]
[Site "Willingen GER"]
[Date "2023.05.28"]
[Round "2"]
[White "Ginschel, Leonhard"]
[Black "Groessing, Daniel-Yosuke"]
[Result "0-1"]
[Termination "normal"]
[Board "24"]
[WhiteElo "1376"]
[BlackElo "1615"]
[WhiteClock "00:40:54"]
[BlackClock "01:05:29"]
[PlyCount "62"]
[WhiteFideId "16290917"]
[BlackFideId "1682237"]
[EventCountry "GER"]
[EventRounds "9"]
[EventType "swiss"]
[EventDate "2023.05.27"]

1. e4 {[%clk 01:30:59]} e6 {[%clk 01:30:45]} {[%emt 00:00:16]} 2. d4 {[%clk
01:31:23]} {[%emt 00:00:06]} d5 {[%clk 01:31:11]} {[%emt 00:00:03]} 3. e5
{[%emt 00:00:10]} c5 {[%clk 01:31:37]} 4. c3 {[%clk 01:32:12]} {[%emt
00:00:05]} Nc6 {[%clk 01:32:06]} {[%emt 00:00:01]} 5. Nf3 {[%clk 01:32:33]}
{[%emt 00:00:09]} Bd7 {[%clk 01:32:32]} {[%emt 00:00:04]} 6. Be2 {[%clk
01:32:46]} {[%emt 00:00:16]} Nge7 {[%clk 01:32:54]} {[%emt 00:00:08]} 7. O-O
{[%clk 01:31:31]} {[%emt 00:01:45]} cxd4 {[%clk 01:33:00]} {[%emt 00:00:25]} 8.
cxd4 {[%clk 01:31:48]} {[%emt 00:00:13]} Nf5 {[%clk 01:33:06]} {[%emt
00:00:24]} 9. Qd2 {[%clk 01:21:52]} {[%emt 00:10:25]} Be7 {[%clk 01:31:31]}
{[%emt 00:02:06]} 10. a3 {[%clk 01:19:30]} {[%emt 00:02:52]} Qb6 {[%clk
01:29:58]} {[%emt 00:02:03]} 11. Rd1 {[%clk 01:18:17]} {[%emt 00:01:43]} Na5
{[%clk 01:26:36]} {[%emt 00:03:52]} 12. Qd3 {[%clk 01:15:02]} {[%emt 00:03:44]}
Ba4 {[%clk 01:25:30]} {[%emt 00:01:37]} 13. Re1 {[%clk 01:09:26]} {[%emt
00:06:05]} Nb3 {[%clk 01:24:14]} {[%emt 00:01:45]} 14. Ra2 {[%clk 01:07:52]}
{[%emt 00:02:06]} Nbxd4 {[%clk 01:22:08]} {[%emt 00:02:35]} 15. Nc3 {[%clk
01:05:33]} {[%emt 00:02:50]} Bb3 {[%clk 01:20:39]} {[%emt 00:01:53]} 16. Nxd4
{[%clk 01:04:31]} {[%emt 00:01:38]} Nxd4 {[%clk 01:19:44]} {[%emt 00:01:25]}
17. Be3 {[%clk 01:03:50]} {[%emt 00:01:11]} Bc5 {[%clk 01:17:44]} {[%emt
00:02:27]} 18. Bxd4 {[%clk 01:01:26]} {[%emt 00:02:57]} Bxd4 {[%clk 01:17:28]}
{[%emt 00:00:46]} 19. Qb5+ {[%clk 00:57:40]} {[%emt 00:04:16]} Qxb5 {[%clk
01:13:51]} {[%emt 00:04:08]} 20. Bxb5+ {[%clk 00:58:04]} {[%emt 00:00:05]} Ke7
{[%clk 01:14:04]} {[%emt 00:00:17]} 21. Raa1 {[%clk 00:58:17]} {[%emt
00:00:17]} a6 {[%clk 01:13:54]} {[%emt 00:00:40]} 22. Bd3 {[%clk 00:57:48]}
{[%emt 00:00:59]} Rhc8 {[%clk 01:13:14]} {[%emt 00:01:09]} 23. Rac1 {[%clk
00:58:01]} {[%emt 00:00:17]} Rc6 {[%clk 01:11:48]} {[%emt 00:01:56]} 24. Bc2
{[%clk 00:49:19]} {[%emt 00:09:12]} Bxc2 {[%clk 01:09:15]} {[%emt 00:03:04]}
25. Rxc2 {[%clk 00:47:52]} {[%emt 00:01:57]} Rac8 {[%clk 01:09:24]} {[%emt
00:00:20]} 26. g3 {[%clk 00:45:44]} {[%emt 00:02:39]} b5 {[%clk 01:05:35]}
{[%emt 00:04:19]} 27. Rec1 {[%clk 00:45:30]} {[%emt 00:00:44]} Kd7 {[%clk
01:05:36]} {[%emt 00:00:29]} 28. Kf1 {[%clk 00:44:27]} {[%emt 00:01:33]} Bxe5
{[%clk 01:05:30]} {[%emt 00:00:36]} 29. f4 {[%clk 00:42:52]} {[%emt 00:02:05]}
Bf6 {[%clk 01:05:47]} {[%emt 00:00:12]} 30. g4 {[%clk 00:42:07]} {[%emt
00:01:16]} g6 {[%clk 01:05:29]} {[%emt 00:00:45]} 31. Ke1 {[%clk 00:40:54]}
{[%emt 00:01:46]} d4 {[%emt 00:04:19]} 0-1

[Event "ODJM B 2023"]
[Site "Willingen GER"]
[Date "2023.05.28"]
[Round "2"]
[White "Retzlaff, Kian"]
[Black "Roth, Jonas"]
[Result "1-0"]
[Termination "normal"]
[Board "25"]
[WhiteElo "1663"]
[BlackElo "1529"]
[WhiteClock "00:27:56"]
[BlackClock "01:15:09"]
[PlyCount "85"]
[WhiteFideId "34606700"]
[BlackFideId "34623515"]
[EventCountry "GER"]
[EventRounds "9"]
[EventType "swiss"]
[EventDate "2023.05.27"]

1. e4 {[%clk 01:30:58]} {[%emt 00:00:01]} e6 {[%clk 01:30:56]} {[%emt
00:00:05]} 2. d4 {[%clk 01:31:23]} {[%emt 00:00:05]} d5 {[%clk 01:31:22]}
{[%emt 00:00:03]} 3. exd5 {[%clk 01:31:48]} {[%emt 00:00:04]} exd5 {[%clk
01:31:49]} {[%emt 00:00:04]} 4. Nf3 {[%clk 01:32:12]} {[%emt 00:00:06]} Bg4
{[%clk 01:31:38]} {[%emt 00:00:41]} 5. Qe2+ {[%clk 01:31:49]} {[%emt 00:00:53]}
Ne7 {[%clk 01:30:39]} {[%emt 00:01:29]} 6. h3 {[%clk 01:30:03]} {[%emt
00:02:14]} Be6 {[%clk 01:30:46]} {[%emt 00:00:25]} 7. Nc3 {[%clk 01:28:02]}
{[%emt 00:02:29]} Nbc6 {[%clk 01:30:54]} {[%emt 00:00:25]} 8. Be3 {[%clk
01:15:47]} {[%emt 00:12:44]} Qd7 {[%clk 01:28:06]} {[%emt 00:03:19]} 9. Qd2
{[%clk 01:13:22]} {[%emt 00:02:54]} Nf5 {[%clk 01:26:55]} {[%emt 00:01:41]} 10.
Bb5 {[%clk 01:10:52]} {[%emt 00:02:59]} f6 {[%clk 01:25:33]} {[%emt 00:01:52]}
11. O-O-O {[%clk 01:07:21]} {[%emt 00:03:59]} O-O-O {[%clk 01:24:04]} {[%emt
00:02:01]} 12. a3 {[%clk 01:06:00]} {[%emt 00:01:51]} Nd6 {[%clk 01:23:54]}
{[%emt 00:00:40]} 13. Ba4 {[%clk 01:05:48]} {[%emt 00:00:42]} Nc4 {[%clk
01:23:49]} {[%emt 00:00:36]} 14. Qe2 {[%emt 00:00:46]} Bd6 {[%clk 01:19:28]}
{[%emt 00:04:48]} 15. Bb5 {[%clk 01:00:11]} {[%emt 00:05:53]} Nb6 {[%clk
01:18:08]} {[%emt 00:01:51]} 16. Na4 {[%clk 00:44:21]} {[%emt 00:16:21]} Nxa4
{[%clk 01:16:17]} {[%emt 00:02:21]} 17. Bxa4 {[%clk 00:44:38]} {[%emt
00:00:12]} a6 {[%clk 01:14:38]} {[%emt 00:02:10]} 18. c4 {[%clk 00:42:00]}
{[%emt 00:03:06]} Kb8 {[%clk 01:10:57]} {[%emt 00:04:11]} 19. c5 {[%clk
00:38:45]} {[%emt 00:03:46]} Be7 {[%clk 01:10:55]} {[%emt 00:00:32]} 20. Rhe1
{[%clk 00:34:42]} {[%emt 00:04:33]} Rhe8 {[%clk 01:10:49]} {[%emt 00:00:36]}
21. Nd2 {[%clk 00:34:12]} {[%emt 00:01:00]} Bf5 {[%clk 01:07:47]} {[%emt
00:03:32]} 22. g4 {[%clk 00:32:35]} {[%emt 00:02:06]} Bg6 {[%clk 01:07:43]}
{[%emt 00:00:34]} 23. Nb3 {[%clk 00:32:09]} {[%emt 00:00:57]} f5 {[%clk
01:07:26]} {[%emt 00:00:46]} 24. f4 {[%clk 00:29:18]} {[%emt 00:03:21]} h6
{[%clk 01:02:31]} {[%emt 00:05:24]} 25. Na5 {[%clk 00:29:20]} {[%emt 00:00:29]}
Ka7 {[%clk 01:02:30]} {[%emt 00:00:31]} 26. b4 {[%clk 00:26:48]} {[%emt
00:03:03]} Qe6 {[%clk 00:59:05]} {[%emt 00:03:55]} 27. Bxc6 {[%clk 00:22:41]}
{[%emt 00:04:37]} bxc6 {[%clk 00:58:18]} {[%emt 00:01:17]} 28. Bf2 {[%clk
00:17:54]} {[%emt 00:05:17]} Qf6 {[%clk 00:55:19]} {[%emt 00:03:29]} 29. Qe6
{[%clk 00:15:49]} {[%emt 00:02:34]} fxg4 {[%clk 00:49:28]} {[%emt 00:06:22]}
30. Nxc6+ {[%clk 00:15:41]} {[%emt 00:00:36]} Kb7 {[%clk 00:49:21]} {[%emt
00:00:39]} 31. Nxd8+ {[%clk 00:13:36]} {[%emt 00:02:35]} Bxd8 {[%clk 00:49:39]}
{[%emt 00:00:11]} 32. Qxf6 {[%clk 00:13:09]} {[%emt 00:00:57]} Bxf6 {[%clk
00:49:56]} {[%emt 00:00:14]} 33. Rxe8 {[%clk 00:13:24]} {[%emt 00:00:16]} Bxe8
{[%clk 00:50:11]} {[%emt 00:00:15]} 34. hxg4 {[%clk 00:13:46]} {[%emt
00:00:07]} Bd7 {[%clk 00:50:14]} {[%emt 00:00:25]} 35. Rg1 {[%clk 00:14:03]}
{[%emt 00:00:13]} g6 {[%clk 00:49:44]} {[%emt 00:01:00]} 36. Be3 {[%clk
00:13:06]} {[%emt 00:01:28]} Be7 {[%clk 00:49:15]} {[%emt 00:00:59]} 37. Kd2
{[%clk 00:09:05]} {[%emt 00:04:32]} Kc6 {[%clk 00:49:23]} {[%emt 00:00:22]} 38.
a4 {[%clk 00:06:52]} {[%emt 00:02:43]} Kb7 {[%clk 00:47:39]} {[%emt 00:02:15]}
39. Ke2 {[%clk 00:05:32]} {[%emt 00:01:49]} Bxa4 {[%clk 00:46:43]} {[%emt
00:01:27]} 40. f5 {[%clk 00:05:22]} {[%emt 00:00:38]} g5 {[%clk 00:45:11]}
{[%emt 00:02:02]} 41. Rh1 {[%clk 00:29:36]} {[%emt 00:06:14]} Bf8 {[%clk
01:15:28]} {[%emt 00:00:14]} 42. f6 {[%clk 00:28:20]} {[%emt 00:01:46]} Kc8
{[%clk 01:15:09]} {[%emt 00:00:48]} 43. Bxg5 {[%clk 00:27:56]} {[%emt
00:00:56]} 1-0

[Event "ODJM B 2023"]
[Site "Willingen GER"]
[Date "2023.05.28"]
[Round "2"]
[White "Törpel, Cedrik"]
[Black "Hensen, Malte"]
[Result "1-0"]
[Termination "normal"]
[Board "26"]
[WhiteElo "1678"]
[BlackElo "1484"]
[WhiteClock "00:42:27"]
[BlackClock "01:10:16"]
[PlyCount "45"]
[WhiteFideId "34660380"]
[BlackFideId "34660356"]
[EventCountry "GER"]
[EventRounds "9"]
[EventType "swiss"]
[EventDate "2023.05.27"]

1. e4 {[%clk 01:30:57]} {[%emt 00:00:02]} c6 {[%clk 01:30:52]} {[%emt
00:00:08]} 2. d4 {[%clk 01:31:21]} {[%emt 00:00:06]} d5 {[%clk 01:31:11]}
{[%emt 00:00:10]} 3. f3 {[%clk 01:31:28]} {[%emt 00:00:23]} Nd7 {[%clk
01:30:02]} {[%emt 00:01:40]} 4. Nc3 {[%clk 01:24:41]} {[%emt 00:07:17]} e6
{[%clk 01:29:19]} {[%emt 00:01:14]} 5. Nh3 {[%clk 01:24:45]} {[%emt 00:00:25]}
Ne7 {[%clk 01:28:58]} {[%emt 00:00:51]} 6. Be3 {[%clk 01:23:20]} {[%emt
00:01:54]} b6 {[%clk 01:28:13]} {[%emt 00:01:16]} 7. Bd3 {[%clk 01:14:30]}
{[%emt 00:09:20]} Bb7 {[%clk 01:26:15]} {[%emt 00:02:28]} 8. O-O {[%clk
01:13:30]} {[%emt 00:01:30]} c5 {[%clk 01:22:18]} {[%emt 00:04:27]} 9. b3
{[%clk 01:05:47]} {[%emt 00:08:13]} dxe4 {[%clk 01:19:58]} {[%emt 00:02:49]}
10. fxe4 {[%clk 01:05:11]} {[%emt 00:01:07]} Nc6 {[%clk 01:19:00]} {[%emt
00:01:28]} 11. Ne2 {[%clk 01:01:23]} {[%emt 00:04:19]} cxd4 {[%clk 01:18:58]}
{[%emt 00:00:31]} 12. Nxd4 {[%clk 01:00:36]} {[%emt 00:01:18]} Bc5 {[%clk
01:18:30]} {[%emt 00:00:57]} 13. c3 {[%clk 00:59:58]} {[%emt 00:01:09]} e5
{[%clk 01:16:06]} {[%emt 00:02:54]} 14. Nc2 {[%clk 00:59:49]} {[%emt 00:00:38]}
Bxe3+ {[%clk 01:16:06]} {[%emt 00:00:29]} 15. Nxe3 {[%clk 01:00:02]} {[%emt
00:00:18]} Nc5 {[%clk 01:16:05]} {[%emt 00:00:30]} 16. Bc4 {[%clk 00:57:34]}
{[%emt 00:02:58]} O-O {[%clk 01:15:46]} {[%emt 00:00:49]} 17. Qh5 {[%clk
00:52:54]} {[%emt 00:05:11]} g6 {[%clk 01:15:05]} {[%emt 00:01:11]} 18. Qh6
{[%clk 00:48:57]} {[%emt 00:04:27]} Ne6 {[%clk 01:12:18]} {[%emt 00:03:17]} 19.
Bxe6 {[%clk 00:45:53]} {[%emt 00:03:33]} fxe6 {[%clk 01:12:25]} {[%emt
00:00:22]} 20. Ng5 {[%clk 00:45:32]} {[%emt 00:00:52]} Qd7 {[%clk 01:11:23]}
{[%emt 00:01:34]} 21. Ng4 {[%clk 00:42:36]} {[%emt 00:03:26]} Rxf1+ {[%clk
01:11:12]} {[%emt 00:00:41]} 22. Rxf1 {[%clk 00:42:35]} {[%emt 00:00:30]} Re8
{[%clk 01:10:16]} {[%emt 00:01:26]} 23. Nf6+ {[%clk 00:42:27]} {[%emt
00:00:38]} 1-0

[Event "ODJM B 2023"]
[Site "Willingen GER"]
[Date "2023.05.28"]
[Round "2"]
[White "Hoffmann, Sophia"]
[Black "Fettig, Michel"]
[Result "1-0"]
[Termination "normal"]
[Board "27"]
[WhiteElo "1315"]
[BlackElo "1457"]
[WhiteClock "00:26:41"]
[BlackClock "00:51:51"]
[PlyCount "41"]
[WhiteFideId "16259130"]
[BlackFideId "34608982"]
[EventCountry "GER"]
[EventRounds "9"]
[EventType "swiss"]
[EventDate "2023.05.27"]

1. d4 {[%clk 01:30:57]} {[%emt 00:00:02]} d5 {[%clk 01:30:38]} {[%emt
00:00:22]} 2. Nf3 {[%clk 01:31:10]} {[%emt 00:00:18]} Bf5 {[%clk 01:30:06]}
{[%emt 00:01:01]} 3. c4 {[%clk 01:29:06]} {[%emt 00:02:35]} e6 {[%clk
01:29:17]} {[%emt 00:01:19]} 4. Qb3 {[%clk 01:28:34]} {[%emt 00:01:03]} b6
{[%clk 01:27:13]} {[%emt 00:02:34]} 5. Nc3 {[%clk 01:27:45]} {[%emt 00:01:19]}
Nf6 {[%clk 01:27:15]} {[%emt 00:00:27]} 6. Bg5 {[%clk 01:26:40]} {[%emt
00:01:35]} dxc4 {[%clk 01:25:44]} {[%emt 00:02:01]} 7. Qxc4 {[%clk 01:25:30]}
{[%emt 00:01:39]} Nbd7 {[%clk 01:24:42]} {[%emt 00:01:33]} 8. e4 {[%clk
01:23:41]} {[%emt 00:02:19]} Bg4 {[%clk 01:22:18]} {[%emt 00:02:53]} 9. e5
{[%clk 01:15:36]} {[%emt 00:08:36]} h6 {[%clk 01:20:02]} {[%emt 00:02:45]} 10.
Bh4 {[%clk 01:14:47]} {[%emt 00:01:20]} Bxf3 {[%clk 01:18:36]} {[%emt
00:01:56]} 11. gxf3 {[%clk 01:11:58]} {[%emt 00:03:18]} g5 {[%clk 01:14:48]}
{[%emt 00:04:18]} 12. exf6 {[%clk 01:10:45]} {[%emt 00:01:43]} gxh4 {[%clk
01:14:54]} {[%emt 00:00:24]} 13. Qc6 {[%clk 01:09:38]} {[%emt 00:01:38]} Bd6
{[%clk 01:11:11]} {[%emt 00:04:13]} 14. Bh3 {[%clk 00:52:28]} {[%emt 00:17:39]}
Rc8 {[%clk 00:58:15]} {[%emt 00:13:27]} 15. Ne4 {[%clk 00:44:08]} {[%emt
00:08:50]} Rg8 {[%clk 00:55:59]} {[%emt 00:02:44]} 16. O-O-O {[%clk 00:38:12]}
{[%emt 00:06:27]} Bf4+ {[%clk 00:53:35]} {[%emt 00:02:54]} 17. Kb1 {[%clk
00:37:14]} {[%emt 00:01:29]} Kf8 {[%clk 00:53:05]} {[%emt 00:00:59]} 18. d5
{[%emt 00:08:43]} Ne5 {[%clk 00:52:11]} 19. Qb5 {[%clk 00:26:53]} {[%emt
00:04:03]} Qe8 {[%clk 00:52:06]} {[%emt 00:00:35]} 20. Qb4+ {[%clk 00:26:20]}
{[%emt 00:01:03]} c5 {[%clk 00:51:51]} {[%emt 00:00:45]} 21. dxc6+ {[%clk
00:26:41]} {[%emt 00:00:09]} 1-0